000 00653nam a2200241Ia 4500
003 OSt
005 20220924125953.0
006 a|||||r|||| 00| 0
007 ta
008 220923b |||||||| |||| 00| 0 per d
024 _a327902
037 _cTextual
040 _aARTS
_cARTS
_bper
041 _2per
_aper
082 _aO164,1MRYw, K4
100 _aRiyazi Ghulam Raza Au.
_9199295
245 0 _aIraj-o-nakhba-e-asarish
260 _aTehran
_bKhurasan Iran
_c1964
300 _a204p.
_ccm.
650 _aPERSIAN POETRY
942 _hO164,1MRYw, K4
_cTEXL
_2CC
999 _c423795
_d423795